|
|
|
|
| LEADER |
00000naa0a2200000 4500 |
| 001 |
597534 |
| 005 |
20250206160124.0 |
| 035 |
|
|
|a (RuTPU)RU\TPU\tpu\20840
|
| 090 |
|
|
|a 597534
|
| 100 |
|
|
|a 20120307d2003 k y0rusy50 ca
|
| 101 |
0 |
|
|a rus
|
| 102 |
|
|
|a RU
|
| 200 |
1 |
|
|a Причины возникновения и способы устранения высолов на поверхности керамического кирпича
|f Т. В. Вакалова, И. Б. Ревва
|
| 330 |
|
|
|a Рассмотрены причины образования высолов на строительной керамике. Предложено устранять высолообразование на лицевых поверхностях керамических облицовочных материалов за счет направленного регулирования влагопереноса с лицевых поверхностей облицовочного кирпича на постель при сушке и обжиге сырца путем создания влаго- и паронепроницаемого защитного слоя, что обеспечивается комплексом операций, заключающихся в нанесении защитного раствора на эти поверхности с последующим ускоренным прогревом глиняного бруса с поверхности на глубину 0,5-1 мм до температуры 60-80°C. Критерием выбора материалов для защитных слоев, устраняющих высолы за счет блокирования сквозных пор, служит их способность кристаллизоваться при сушке и расплавляться при практически применяемых температурах обжига. Лицевые поверхности обожженных изделий отличаются ровностью окраски и насыщенностью цвета.
|
| 333 |
|
|
|a В фонде НТБ ТПУ отсутствует
|
| 463 |
|
|
|t Керамические материалы: производство и применение
|o 5 Всероссийская научно-практическая конференция, Москва, 28-29 мая, 2003 г.
|v С. 78-79
|d 2003
|
| 610 |
1 |
|
|a труды учёных ТПУ
|
| 700 |
|
1 |
|a Вакалова
|b Т. В.
|c химик-технолог
|c профессор Томского политехнического университета, доктор технических наук
|f 1956-
|g Татьяна Викторовна
|3 (RuTPU)RU\TPU\pers\26197
|9 12005
|
| 701 |
|
1 |
|a Ревва
|b И. Б.
|c химик-технолог
|c доцент Томского политехнического университета, кандидат технических наук
|f 1979-
|g Инна Борисовна
|3 (RuTPU)RU\TPU\pers\26547
|4 070
|9 12236
|
| 801 |
|
1 |
|a RU
|b 63413507
|c 20120307
|
| 942 |
|
|
|c BK
|